Buď oslávený Tajova slávy syn!

Podrobná bibliografia
Hlavný autor: Šebo, Jozef, 1919-2006 (Autor)
Médium: Článok
Jazyk:slovenčina
Fyzický popis:Obr. 3.
Predmet:

MARC

LEADER 00000nab a2200000 a 4500
001 vtls000177113
003 SK-MaSNL
005 20260302201825.0
008 160215c1984 xo 0 slo
015 |a SNBRB19rr/mm-uuuuu 
035 |a CL0187226 
040 |a SNKBUCL  |b slo  |c SNKBUCL  |e AACR2 
041 0 |a slo 
044 |a xo  |c SK 
080 |a 621.394-051  |2 1981 
080 |a 929 Murgaš, Jozef  |2 1981 
100 1 |a Šebo, Jozef,  |d 1919-2006  |4 aut  |9 220375 
245 1 0 |a Buď oslávený Tajova slávy syn!  |c Jozef Šebo 
300 |b Obr. 3. 
600 1 7 |a Murgaš, Jozef,  |d 1864-1929  |2 snkbucl  |9 193780 
655 7 |a články z novín a časopisov  |2 snkbucl  |9 267496 
773 0 |t Smer  |g Roč. 36, č. 41 (17. 2. 1984), s. 14 
850 |a Slovenská národná knižnica v Martine  |a MTA001 
852 |a SNK  |b KIS3GCP 
958 |a BX 
958 |a RK 
992 |a RBX 
999 |c 1462299  |d 1464229